| 000 | 00347nam a2200145Ia 4500 | ||
|---|---|---|---|
| 008 | 230917s9999||||xx |||||||||||||| ||und|| | ||
| 040 |
_e108620 _aMAIN |
||
| 041 | _aEnglish | ||
| 082 | _a338.04 I2E | ||
| 100 | _aICFAI | ||
| 245 | 0 | _aEntrepreneurship ; concepts and cases | |
| 260 |
_aHyderabad _bICFAI _c2003 |
||
| 300 | _a169 p. | ||
| 942 | _cBK | ||
| 999 |
_c122890 _d122890 |
||